| 000 | 00409nam a2200145 a 4500 | ||
|---|---|---|---|
| 001 | 1897 | ||
| 003 | CDMR | ||
| 005 | 20130116135217.0 | ||
| 008 | 130130s1992||||||||||||||||||||||||||||d | ||
| 040 |
_aCDMR _bcat _cCPC LLEIDA |
||
| 100 | 1 |
_aVillarĂ³, Albert _91414 |
|
| 245 | 1 | 3 |
_aLa Seu i el Segre, dels miracles als canals _cVILLARĂ“, Albert, GISPERT, Joan |
| 260 |
_aBarcelona _c1992 _bCaixa Catalunya |
||
| 942 | _cMON | ||
| 999 |
_c1897 _d1897 |
||